[Event "XXV Memorial Edoardo Crespi A"]
[Site "Milano ITA"]
[Date "2004.12.05"]
[Round "3"]
[White "Carbone, Lorenzo"]
[Black "Fezza, Davide"]
[Result "0-1"]
[WhiteElo "1908"]
[BlackElo "2083"]
[PlyCount "80"]
[EventDate "2004.12.04"]

1. e4 c5 2. Nf3 Nc6 3. d4 cxd4 4. Nxd4 Qc7 5. Be2 e6 6. O-O a6 7. Be3 Nf6 8.
Nc3 Bb4 9. Qd2 Nxe4 10. Qd3 Bxc3 11. bxc3 d5 12. Nb3 O-O 13. f4 Ne7 14. Bd4 Nf5
15. Be5 Qb6+ 16. Bd4 Nxd4 17. cxd4 Nd6 18. Qf3 Bd7 19. Nc5 Bb5 20. Qb3 Qc6 21.
Rf2 b6 22. Nd3 Ne4 23. Ne5 Qd6 24. Bxb5 axb5 25. Re2 b4 26. Qh3 Ra3 27. Qh5 g6
28. Qh6 Rfa8 29. Rae1 Qf8 30. Qh4 Rxa2 31. Ng4 h5 32. Ne5 Qg7 33. Qe7 b3 34.
Rxe4 dxe4 35. cxb3 Qf8 36. Qf6 Ra1 37. Rxa1 Rxa1+ 38. Kf2 Ra2+ 39. Kf1 Qe8 40.
h3 e3 0-1

[Event "XXV Memorial Edoardo Crespi A"]
[Site "Milano ITA"]
[Date "2004.12.05"]
[Round "3"]
[White "Cavatorta, Fosco"]
[Black "Brunelli, Giovanni"]
[Result "1-0"]
[WhiteElo "2031"]
[BlackElo "1978"]
[PlyCount "43"]
[EventDate "2004.12.04"]

1. d4 d5 2. Bf4 Nf6 3. e3 e6 4. Nd2 Be7 5. Bd3 O-O 6. g4 Nc6 7. c3 e5 8. dxe5
Nxg4 9. Ngf3 f6 10. exf6 Bxf6 11. h3 Nge5 12. Nxe5 Nxe5 13. Bxe5 Bxe5 14. Qh5
Re8 15. Bxh7+ Kf8 16. Bg6 Re6 17. Nf3 Bf6 18. O-O-O c6 19. e4 Qc7 20. exd5 cxd5
21. Rxd5 Qc6 22. Qh8+ 1-0

[Event "XXV Memorial Edoardo Crespi A"]
[Site "Milano ITA"]
[Date "2004.12.05"]
[Round "3"]
[White "Ciciotti, Augusto"]
[Black "Di Donato, Giovanni"]
[Result "0-1"]
[WhiteElo "1925"]
[BlackElo "2142"]
[PlyCount "157"]
[EventDate "2004.12.04"]

1. d4 d5 2. c4 c6 3. Nf3 Nf6 4. Qc2 a6 5. g3 g6 6. Bg2 b5 7. cxd5 cxd5 8. O-O
Bf5 9. Qb3 Nc6 10. Bg5 Na5 11. Qd1 Ne4 12. Bf4 Bg7 13. Nbd2 Rc8 14. Rc1 Nxd2
15. Qxd2 Nc4 16. Qb4 Bf8 17. b3 e5 18. Qe1 exf4 19. bxc4 dxc4 20. e4 fxe3 21.
Qxe3+ Be7 22. Rfe1 Kf8 23. Ne5 Bb4 24. Re2 Kg7 25. Nc6 Rxc6 26. Bxc6 Bd3 27.
Rce1 Bxe2 28. Rxe2 Qd6 29. d5 Bc5 30. Qc3+ Qf6 31. Qxf6+ Kxf6 32. Rc2 Ke5 33.
Kf1 Kd4 34. Ke2 f5 35. f4 c3 36. Bd7 b4 37. Be6 a5 38. Rc1 Bd6 39. Rd1+ Kc4 40.
Bd7 Rd8 41. Ba4 Bc5 42. h3 Bd6 43. Ke3 Bc5+ 44. Ke2 Bd4 45. Bb3+ Kc5 46. Kd3
Bf2 47. g4 Re8 48. Kc2 Re2+ 49. Kd3 Re3+ 50. Kc2 Kd6 51. gxf5 gxf5 52. h4 Be1
53. h5 h6 54. Rd4 Re2+ 55. Kd1 Rd2+ 56. Rxd2 Bxd2 57. Ke2 Bxf4 58. Kf3 Be5 59.
Ke3 Ke7 60. Bc2 Kd6 61. Bb3 Kc5 62. Kd3 Bf4 63. a4 bxa3 64. Kxc3 Be5+ 65. Kd3
Kb4 66. Ba2 a4 67. Kd2 f4 68. Kd3 f3 69. Ke3 Kc3 70. Kxf3 Kb2 71. Ke4 Bf6 72.
Kf5 Bg5 73. Bc4 a2 74. Bxa2 Kxa2 75. d6 Kb3 76. Kg6 a3 77. d7 a2 78. d8=Q Bxd8
79. Kxh6 0-1

[Event "XXV Memorial Edoardo Crespi A"]
[Site "Milano ITA"]
[Date "2004.12.05"]
[Round "3"]
[White "Contin, Daniel"]
[Black "Cazzaniga, Walter"]
[Result "1-0"]
[WhiteElo "2358"]
[BlackElo "2077"]
[PlyCount "39"]
[EventDate "2004.12.04"]

1. e4 e6 2. d4 d5 3. exd5 exd5 4. c4 Nf6 5. Nc3 Be7 6. cxd5 O-O 7. Bd3 Nbd7 8.
Nf3 Nb6 9. h3 Nbxd5 10. O-O b6 11. Re1 Bb7 12. a3 Re8 13. Ne5 c5 14. Bb5 Rf8
15. Nc6 Bxc6 16. Bxc6 Nxc3 17. bxc3 Rc8 18. d5 Ne8 19. Qa4 Qc7 20. Bd7 1-0

[Event "XXV Memorial Edoardo Crespi A"]
[Site "Milano ITA"]
[Date "2004.12.05"]
[Round "3"]
[White "Facchetti, Gianni"]
[Black "Martinez, Rolly"]
[Result "0-1"]
[WhiteElo "2203"]
[BlackElo "2360"]
[PlyCount "92"]
[EventDate "2004.12.04"]

1. e4 c5 2. Nf3 Nc6 3. Bb5 Nf6 4. Bxc6 dxc6 5. d3 g6 6. Nbd2 Bg7 7. O-O Nd7 8.
a4 O-O 9. Rb1 Re8 10. Re1 e5 11. Nc4 Nf8 12. Be3 b6 13. h3 f5 14. exf5 gxf5 15.
Bg5 Qc7 16. Qc1 Ng6 17. Nh4 Be6 18. Nxg6 hxg6 19. Nd2 Bd5 20. f3 Qf7 21. Rf1 c4
22. dxc4 Bxc4 23. Nxc4 Qxc4 24. b3 Qe6 25. Qd2 Bf6 26. Bxf6 Qxf6 27. Qc3 Kg7
28. Rbd1 Rad8 29. a5 Rd5 30. axb6 axb6 31. Rxd5 cxd5 32. Ra1 Re7 33. Ra8 d4 34.
Qc8 Kh6 35. Qg8 e4 36. fxe4 fxe4 37. Qh8+ Qxh8 38. Rxh8+ Kg7 39. Rd8 Kf6 40.
Kf2 Rc7 41. Rxd4 Rxc2+ 42. Ke1 Ke5 43. Rd1 Rxg2 44. Kf1 Rb2 45. Rd8 Rb1+ 46.
Kg2 46... Rxb3 {...} 0-1

[Event "XXV Memorial Edoardo Crespi A"]
[Site "Milano ITA"]
[Date "2004.12.05"]
[Round "3"]
[White "Gabetto, Flaviano"]
[Black "Valdivia, Rene"]
[Result "1-0"]
[WhiteElo "2128"]
[BlackElo "2252"]
[PlyCount "97"]
[EventDate "2004.12.04"]

1. e4 d6 2. d4 g6 3. Nc3 Bg7 4. Be3 Nc6 5. h3 e5 6. d5 Nd4 7. Nf3 Nxf3+ 8. Qxf3
a6 9. g4 h5 10. Be2 h4 11. g5 Bd7 12. Qg2 Qe7 13. a4 Qd8 14. a5 Ne7 15. f3 c6
16. Bb6 Qb8 17. dxc6 bxc6 18. O-O-O Nc8 19. Bc4 Nxb6 20. axb6 Bf8 21. Qf2 Be7
22. f4 exf4 23. Qxf4 d5 24. Qxb8+ Rxb8 25. exd5 Bxg5+ 26. Kb1 Rxb6 27. Ne4 Be7
28. d6 Bd8 29. Nc5 Bf5 30. Rhf1 Rh5 31. Rde1+ Kf8 32. Nd7+ Kg7 33. Nxb6 Bxb6
34. d7 Bd8 35. Re8 Rh8 36. Rfe1 Bxd7 37. Rxh8 Kxh8 38. Rd1 Bxh3 39. Rxd8+ Kg7
40. Rd2 g5 41. Bxa6 Be6 42. Bb7 c5 43. Bd5 Bxd5 44. Rxd5 h3 45. Rxg5+ Kf6 46.
Rg8 Kf5 47. Kc1 Kf4 48. Rh8 Kg4 49. Kd2 {...} 1-0

[Event "XXV Memorial Edoardo Crespi A"]
[Site "Milano ITA"]
[Date "2004.12.05"]
[Round "3"]
[White "Gandolfi, Gianfranco"]
[Black "Astengo, Marcello"]
[Result "0-1"]
[WhiteElo "1967"]
[BlackElo "2032"]
[PlyCount "90"]
[EventDate "2004.12.04"]

1. e4 e6 2. d4 d5 3. Nc3 Nf6 4. e5 Ng8 5. Nf3 c5 6. dxc5 Bxc5 7. Bd3 Ne7 8. O-O
Nec6 9. Qe2 Nd7 10. Bf4 a6 11. Rad1 Be7 12. Rfe1 g5 13. Bc1 g4 14. Nd2 Ndxe5
15. f4 Nxd3 16. Qxd3 Qb6+ 17. Kh1 Nb4 18. Qe2 Nxc2 19. Nc4 dxc4 20. Qxc2 Qc6
21. Ne4 f5 22. Qc3 O-O 23. Ng3 b5 24. Nh5 Rf7 25. Be3 Bb7 26. Re2 Rd8 27. Rxd8+
Bxd8 28. Qe5 Qd5 29. Rd2 Bc7 30. Rxd5 Bxe5 31. Rxe5 Kf8 32. Rxe6 Rd7 33. Kg1
Rd1+ 34. Kf2 Rb1 35. Bd4 Rc1 36. Re2 b4 37. Nf6 a5 38. Nd7+ Kf7 39. Nc5 Bc6 40.
Ne6 Kg6 41. Ng5 Kh5 42. Nxh7 c3 43. bxc3 bxc3 44. Ke3 Bb5 45. Rf2 Re1+ 0-1

[Event "XXV Memorial Edoardo Crespi A"]
[Site "Milano ITA"]
[Date "2004.12.05"]
[Round "3"]
[White "Giancotti, Eraldo"]
[Black "Nannelli, Paolo"]
[Result "1/2-1/2"]
[WhiteElo "2093"]
[BlackElo "2185"]
[PlyCount "66"]
[EventDate "2004.12.04"]

1. d4 Nf6 2. Nf3 c5 3. c3 g6 4. Bg5 Bg7 5. Nbd2 cxd4 6. cxd4 d5 7. e3 O-O 8.
Qb3 Nc6 9. Rc1 a6 10. Bd3 h6 11. Bh4 Nh5 12. Rc5 Qe8 13. g4 Nf6 14. g5 hxg5 15.
Bxg5 e6 16. Rc1 e5 17. dxe5 Ng4 18. h4 Ngxe5 19. Be2 d4 20. h5 gxh5 21. Nxe5
Qxe5 22. Bf4 Qe6 23. Bc4 Qf5 24. Bd3 Qe6 25. Rxh5 Qxb3 26. Bh7+ Kh8 27. Nxb3
Bg4 28. Rh2 Be6 29. Nc5 dxe3 30. fxe3 Be5 31. Nxe6 fxe6 32. Be4+ Kg8 33. Bxc6
Bxf4 1/2-1/2

[Event "XXV Memorial Edoardo Crespi A"]
[Site "Milano ITA"]
[Date "2004.12.05"]
[Round "3"]
[White "Giannetta, Paolo"]
[Black "Bisignano, Giuseppe"]
[Result "1-0"]
[WhiteElo "2104"]
[BlackElo "1965"]
[PlyCount "81"]
[EventDate "2004.12.04"]

1. d4 Nf6 2. c4 g6 3. Nc3 Bg7 4. e4 d6 5. f4 O-O 6. Nf3 Bg4 7. Be2 e6 8. Be3
Nc6 9. O-O Qe7 10. e5 dxe5 11. fxe5 Ne8 12. h3 Bxf3 13. Bxf3 Rd8 14. Bxc6 bxc6
15. Qf3 c5 16. Ne4 cxd4 17. Bg5 Qd7 18. Nc5 Qc8 19. Be7 Qa8 20. Qf4 Kh8 21.
Bxf8 Bxf8 22. Nxe6 Ng7 23. Nxd8 Qxd8 24. Qxf7 Bc5 25. Qd5 Qe7 26. Rf7 d3+ 27.
Kh1 Qe6 28. Raf1 Qxd5 29. cxd5 Nf5 30. R7xf5 gxf5 31. Rd1 Bd4 32. e6 Kg7 33.
Rxd3 Bc5 34. Rf3 Kg6 35. g4 fxg4 36. hxg4 h6 37. Rf5 Bd6 38. Kg2 a6 39. Kf3 a5
40. Ke4 Bg3 41. e7 1-0

[Event "XXV Memorial Edoardo Crespi A"]
[Site "Milano ITA"]
[Date "2004.12.05"]
[Round "3"]
[White "Giretti Kanev, Jasen"]
[Black "Dassisti, Alberto"]
[Result "1-0"]
[WhiteElo "2182"]
[BlackElo "2067"]
[PlyCount "83"]
[EventDate "2004.12.04"]

1. Nf3 d5 2. g3 Nf6 3. Bg2 c6 4. O-O Bg4 5. Ne5 Bf5 6. c4 Nbd7 7. d4 e6 8. Nxd7
Qxd7 9. c5 b6 10. b4 a5 11. Bf4 axb4 12. cxb6 Bd6 13. Bxd6 Qxd6 14. a4 Nd7 15.
Nd2 Nxb6 16. Qb3 O-O 17. a5 Nd7 18. e4 dxe4 19. Nxe4 Bxe4 20. Bxe4 Nf6 21. Bf3
Nd5 22. Rfb1 Rfb8 23. Qc4 Rb5 24. a6 Rbb8 25. Kg2 Rc8 26. Ra5 Qc7 27. Rc5 Qb6
28. Be2 Nc3 29. Rxb4 Nb5 30. Rbxb5 Qxa6 31. Rb4 Qxc4 32. Bxc4 Rd8 33. Rxc6 Rxd4
34. Rcb6 Rdd8 35. Rb7 Rac8 36. Ra4 Ra8 37. Rab4 Rac8 38. Bb3 Kf8 39. Ba4 g6 40.
Rf4 f5 41. Rxh7 Rd2 42. Rh8+ 1-0

[Event "XXV Memorial Edoardo Crespi A"]
[Site "Milano ITA"]
[Date "2004.12.05"]
[Round "3"]
[White "Iudicello, Giovanni"]
[Black "Salvador, Roland"]
[Result "0-1"]
[WhiteElo "2133"]
[BlackElo "2315"]
[PlyCount "76"]
[EventDate "2004.12.04"]

1. Nf3 c5 2. g3 Nc6 3. Bg2 e5 4. d3 d6 5. e4 h6 6. O-O Bg4 7. h3 Be6 8. c3 Qd7
9. Kh2 Be7 10. d4 cxd4 11. cxd4 exd4 12. Nxd4 Nxd4 13. Qxd4 Bf6 14. Qd3 Rc8 15.
Na3 a6 16. Rd1 b5 17. Nc2 Ne7 18. Nd4 Bc4 19. Qd2 O-O 20. b3 Nc6 21. Bb2 Bxd4
22. Bxd4 Be6 23. Bb2 Rfd8 24. Ba3 f6 25. Qxd6 Qf7 26. Qc5 Rxd1 27. Rxd1 Ne5 28.
Qd4 Bxh3 29. f4 Ng4+ 30. Kg1 Bxg2 31. Kxg2 Qh5 32. Rd2 Qh2+ 33. Kf3 Qh1+ 34.
Ke2 Qg2+ 35. Ke1 Qxg3+ 36. Ke2 Rc3 37. e5 Qf3+ 38. Ke1 Re3+ 0-1

[Event "XXV Memorial Edoardo Crespi A"]
[Site "Milano ITA"]
[Date "2004.12.05"]
[Round "3"]
[White "Kidane, Robel"]
[Black "Castellano, Fabio Marco"]
[Result "1-0"]
[WhiteElo "2095"]
[BlackElo "1911"]
[PlyCount "55"]
[EventDate "2004.12.04"]

1. e4 c5 2. Nf3 d6 3. d4 cxd4 4. Nxd4 Nf6 5. Nc3 a6 6. Bg5 e6 7. f4 Nbd7 8. Qf3
Qc7 9. O-O-O b5 10. a3 Bb7 11. g4 d5 12. e5 Ne4 13. Nxe4 dxe4 14. Qe3 Bc5 15.
Bg2 Nb6 16. Bxe4 Nd5 17. Qf3 Rc8 18. Rhe1 Qb6 19. Nb3 a5 20. f5 O-O 21. Qh3 g6
22. Rd3 f6 23. fxg6 hxg6 24. Bxg6 Rc7 25. exf6 Nxf6 26. Bxf6 Rxf6 27. Qh6 Rf8
28. Rh3 1-0

[Event "XXV Memorial Edoardo Crespi A"]
[Site "Milano ITA"]
[Date "2004.12.05"]
[Round "3"]
[White "Mazzini, Antonio"]
[Black "Nardelli, Marco"]
[Result "0-1"]
[WhiteElo "2139"]
[BlackElo "1999"]
[PlyCount "96"]
[EventDate "2004.12.04"]

1. d4 Nf6 2. c4 c5 3. d5 b5 4. Qc2 e6 5. e4 d6 6. Be3 exd5 7. cxd5 Bd7 8. Nd2
Na6 9. f3 g6 10. Ne2 Bg7 11. Nc3 Nc7 12. a3 O-O 13. Be2 Re8 14. Bg5 Qe7 15. Nb3
Rac8 16. Rd1 b4 17. Nb1 Ba4 18. Bc4 Qe5 19. Bxf6 Bxf6 20. Rd2 Nb5 21. Qd3 Bxb3
22. Qxb3 Nd4 23. Qd3 Rb8 24. O-O a5 25. a4 Qf4 26. g3 Qg5 27. Rg2 Re7 28. Nd2
b3 29. f4 Qg4 30. e5 dxe5 31. Ne4 Bg7 32. d6 Ra7 33. Nxc5 e4 34. Nxe4 Qf5 35.
Rd2 Qd7 36. Bb5 Nxb5 37. axb5 Rxb5 38. Rc1 Rb4 39. Qd5 Rb8 40. Qc6 a4 41. Qxd7
Rxd7 42. Nc5 Rdd8 43. Nxa4 Rb4 44. Nc5 Bd4+ 45. Kf1 Be3 46. Ke2 Bxd2 47. Kxd2
Rxd6+ 48. Kc3 Rb8 0-1

[Event "XXV Memorial Edoardo Crespi A"]
[Site "Milano ITA"]
[Date "2004.12.05"]
[Round "3"]
[White "Pace, Pietro Dario"]
[Black "D'Apa, Matteo"]
[Result "0-1"]
[WhiteElo "2130"]
[BlackElo "1973"]
[PlyCount "120"]
[EventDate "2004.12.04"]

1. e4 e5 2. Nf3 Nc6 3. Bc4 Bc5 4. c3 Nf6 5. b4 Bb6 6. d3 d6 7. O-O Be6 8. Bxe6
fxe6 9. a4 a6 10. Nbd2 O-O 11. Nc4 Ba7 12. Be3 Bxe3 13. fxe3 b5 14. axb5 axb5
15. Na3 Qb8 16. Qb3 Re8 17. Ng5 Nd8 18. Nc2 Rxa1 19. Rxa1 h6 20. Nf3 Qb6 21. h3
Kf7 22. Kh2 Nc6 23. Qa3 Rb8 24. Nd2 Rb7 25. Qa6 Ke7 26. Qa2 Ra7 27. Qb2 Rxa1
28. Qxa1 Qa7 29. Qb2 Nb8 30. c4 c6 31. c5 dxc5 32. Qxe5 Nbd7 33. Qc3 Qc7+ 34.
Kg1 cxb4 35. Qxb4+ Qd6 36. Qc3 Qc5 37. Qb2 e5 38. d4 Qd6 39. Qc3 c5 40. d5 b4
41. Qd3 Nb6 42. Na1 Na4 43. Nc4 Qa6 44. Nb3 Nb2 45. Nxb2 Qxd3 46. Nxd3 c4 47.
Nd2 cxd3 48. Kf1 Kd6 49. Ke1 Kc5 50. Kd1 Nd7 51. Nf3 Kc4 52. Nd2+ Kc3 53. Kc1
b3 54. Nb1+ Kb4 55. Kb2 Nc5 56. Nd2 Na4+ 57. Kc1 b2+ 58. Kb1 Kc3 59. d6 Nc5 60.
Nf3 d2 0-1

[Event "XXV Memorial Edoardo Crespi A"]
[Site "Milano ITA"]
[Date "2004.12.05"]
[Round "3"]
[White "Pepe, Mario"]
[Black "Di Lascio, Savino"]
[Result "1-0"]
[WhiteElo "2151"]
[BlackElo "2000"]
[PlyCount "83"]
[EventDate "2004.12.04"]

1. e4 c6 2. d4 d5 3. Nc3 dxe4 4. Nxe4 Nf6 5. Ng5 h6 6. N5f3 Bg4 7. h3 Bh5 8. g4
Bg6 9. Bd3 Bxd3 10. Qxd3 e6 11. Ne5 Qd5 12. f3 Nbd7 13. Nxd7 Nxd7 14. c4 Ne5
15. cxd5 Nxd3+ 16. Kd2 Nxc1 17. dxe6 fxe6 18. Rxc1 Bd6 19. Ne2 O-O 20. Ke3 g5
21. h4 e5 22. dxe5 Bxe5 23. hxg5 hxg5 24. Rh5 Bf6 25. Ng3 Rad8 26. Ne4 Rd5 27.
Rc2 Bd4+ 28. Ke2 Bf6 29. b3 Kg7 30. Rc1 Kg6 31. Kf2 Bg7 32. Kg3 Ra5 33. Rc5
Be5+ 34. Kh3 Rxf3+ 35. Kg2 Rf2+ 36. Kxf2 Bd4+ 37. Kf3 Rxc5 38. Nxc5 Bxc5 39.
Ke4 Bd6 40. Rh8 b6 41. Rc8 c5 42. Rc6 1-0

[Event "XXV Memorial Edoardo Crespi A"]
[Site "Milano ITA"]
[Date "2004.12.05"]
[Round "3"]
[White "Podini, Francesco"]
[Black "Quagliarella, Sabino Remo"]
[Result "1-0"]
[WhiteElo "2075"]
[BlackElo "2028"]
[PlyCount "123"]
[EventDate "2004.12.04"]

1. e4 d6 2. Nc3 Nf6 3. f4 e5 4. Bc4 Be7 5. d3 Nc6 6. f5 Na5 7. Qf3 Nxc4 8. dxc4
c6 9. Be3 Qa5 10. O-O-O Bd7 11. Nge2 O-O-O 12. Kb1 g6 13. g4 gxf5 14. exf5 d5
15. g5 e4 16. Qh3 Ne8 17. cxd5 Nd6 18. dxc6 Bxf5 19. cxb7+ Kxb7 20. Qg2 Nc4 21.
Bc1 Qe5 22. Ng3 Rxd1 23. Rxd1 Bg4 24. Rd5 Qe6 25. Ngxe4 Kc8 26. Qf2 Qb6 27.
Qxb6 axb6 28. Rd4 Be6 29. Nd5 Bxd5 30. Rxd5 Rd8 31. Rxd8+ Bxd8 32. b3 Ne5 33.
Bf4 Ng6 34. Bg3 Kd7 35. c4 Ke6 36. Kc2 Ne7 37. Kd3 Nf5 38. Bf4 Nh4 39. b4 Ng6
40. Bg3 Kf5 41. Nd6+ Ke6 42. Ne4 Kf5 43. c5 bxc5 44. bxc5 Ne5+ 45. Bxe5 Kxe5
46. Nf6 h6 47. h4 hxg5 48. hxg5 Kf5 49. Kc4 Kxg5 50. Nd5 f5 51. c6 f4 52. c7
Bxc7 53. Nxc7 f3 54. Nd5 f2 55. Ne3 Kf4 56. Nf1 Ke5 57. Kc5 Ke6 58. Kc6 Ke5 59.
a4 Kd4 60. a5 Kd3 61. a6 Ke2 62. Nh2 1-0

[Event "XXV Memorial Edoardo Crespi A"]
[Site "Milano ITA"]
[Date "2004.12.05"]
[Round "3"]
[White "Profumo, Alberto"]
[Black "Damia, Angelo"]
[Result "1/2-1/2"]
[WhiteElo "2238"]
[BlackElo "2118"]
[PlyCount "110"]
[EventDate "2004.12.04"]

1. Nf3 Nf6 2. g3 g6 3. d4 Bg7 4. Bg2 d6 5. c4 O-O 6. Nc3 Nbd7 7. O-O e5 8. e4
exd4 9. Nxd4 Nb6 10. b3 Re8 11. h3 c6 12. Be3 Be6 13. Rc1 d5 14. exd5 cxd5 15.
c5 Nc8 16. b4 Ne7 17. Ncb5 Nc6 18. Nd6 Re7 19. Qd2 Nxd4 20. Bxd4 Ne4 21. Bxe4
dxe4 22. Bxg7 Kxg7 23. Qc3+ f6 24. Nxe4 Rd7 25. h4 Bd5 26. Rfe1 Bxe4 27. Rxe4
Rd1+ 28. Rxd1 Qxd1+ 29. Kg2 Qd5 30. Qc4 Qxc4 31. Rxc4 Rc8 32. Kf3 Kf7 33. Ke3
f5 34. Rd4 Ke7 35. a3 b6 36. Rc4 Kd7 37. Kd3 Re8 38. c6+ Kc7 39. b5 a6 40. bxa6
Ra8 41. a4 Rxa6 42. h5 Ra5 43. hxg6 hxg6 44. Kd4 b5 45. axb5 Rxb5 46. Rc2 Ra5
47. Rc3 Ra2 48. Ke3 Ra4 49. Kf3 Rb4 50. Ke3 Ra4 51. f4 Re4+ 52. Kd3 Ra4 53. Ke2
Re4+ 54. Kf3 Re6 55. g4 Rxc6 1/2-1/2

[Event "XXV Memorial Edoardo Crespi A"]
[Site "Milano ITA"]
[Date "2004.12.05"]
[Round "3"]
[White "Ranola, Yves"]
[Black "Zanetti, Alberto"]
[Result "1-0"]
[WhiteElo "2449"]
[BlackElo "2210"]
[PlyCount "47"]
[EventDate "2004.12.04"]

1. c4 e5 2. g3 f5 3. Bg2 Nf6 4. Nc3 Nc6 5. d3 Bb4 6. Bd2 O-O 7. Nf3 h6 8. O-O
d6 9. Nd5 Bxd2 10. Nxd2 f4 11. gxf4 Nxd5 12. cxd5 Nd4 13. e3 Nf5 14. fxe5 dxe5
15. Qh5 Nh4 16. Be4 Bh3 17. Qxe5 Rf5 18. Bxf5 Nxf5 19. Kh1 Qf8 20. Rg1 Re8 21.
Qf4 Qe7 22. Qf3 Qh4 23. Rac1 Re7 24. Rc4 1-0

[Event "XXV Memorial Edoardo Crespi A"]
[Site "Milano ITA"]
[Date "2004.12.05"]
[Round "3"]
[White "Sgnaolin, Davide"]
[Black "Dragojlovic, Andjelko"]
[Result "1/2-1/2"]
[WhiteElo "2125"]
[BlackElo "2298"]
[PlyCount "120"]
[EventDate "2004.12.04"]

1. e4 c5 2. c3 g6 3. d4 cxd4 4. cxd4 d5 5. exd5 Nf6 6. Bb5+ Bd7 7. Bxd7+ Nbxd7
8. Nc3 Nb6 9. Nf3 Bg7 10. Bf4 Nbxd5 11. Qa4+ Qd7 12. Qxd7+ Kxd7 13. Be5 Nxc3
14. bxc3 Rhc8 15. Rb1 b6 16. Bxf6 Bxf6 17. Kd2 Rc4 18. Kd3 Rac8 19. Rhc1 e6 20.
Rb5 Ra4 21. Rc2 Kc6 22. Rb4 Ra5 23. Rc4+ Kd7 24. Rxc8 Kxc8 25. Nd2 Kc7 26. Rb2
Rd5 27. Nc4 Kc6 28. Re2 h5 29. Ne3 Rd8 30. Nc4 Rd5 31. Ne3 Rb5 32. Kc2 h4 33.
h3 Rg5 34. Ng4 Bg7 35. f3 b5 36. Kb3 Rd5 37. Nf2 Bf8 38. Nd3 Bd6 39. Nb4+ Bxb4
40. Kxb4 Kb6 41. Re4 Rg5 42. Rxh4 Rxg2 43. Rh7 Rxa2 44. Rxf7 a5+ 45. Kb3 Re2
46. Rf6 a4+ 47. Ka3 Ka5 48. Rxg6 Rc2 49. Rxe6 Rxc3+ 50. Kb2 Rxf3 51. h4 Rf4 52.
Re2 Rxh4 53. Rd2 b4 54. d5 a3+ 55. Kb3 Rh3+ 56. Kc4 Rc3+ 57. Kd4 Rc8 58. d6 b3
59. d7 Rd8 60. Kc3 b2 1/2-1/2

[Event "XXV Memorial Edoardo Crespi A"]
[Site "Milano ITA"]
[Date "2004.12.06"]
[Round "4"]
[White "Arboscelli, Gregorio"]
[Black "Cavatorta, Fosco"]
[Result "0-1"]
[WhiteElo "1894"]
[BlackElo "2031"]
[PlyCount "74"]
[EventDate "2004.12.04"]

1. e4 d6 2. d4 Nf6 3. Nc3 g6 4. f4 Bg7 5. Nf3 c5 6. Bb5+ Bd7 7. e5 Ng4 8. e6
fxe6 9. Ng5 Bxb5 10. Nxe6 Bxd4 11. Qxg4 Bxc3+ 12. bxc3 Qd7 13. f5 Rg8 14. a4
Ba6 15. Bh6 Nc6 16. Bg7 Nd8 17. fxg6 h5 18. Nc7+ Qxc7 19. Qxh5 Ne6 20. Bh6
O-O-O 21. Qf5 Qd7 22. h4 Rh8 23. Be3 Rdf8 24. Qg4 Ng7 25. Qxd7+ Kxd7 26. g4 Rf6
27. O-O-O Rxg6 28. g5 Be2 29. Rd2 Bg4 30. Bxc5 Rxg5 31. Bxa7 Ra5 32. Bf2 Rxa4
33. Rh2 Rh5 34. Rg2 Ne6 35. c4 Rxc4 36. Kb2 Rb5+ 37. Ka3 Bf5 0-1

[Event "XXV Memorial Edoardo Crespi A"]
[Site "Milano ITA"]
[Date "2004.12.06"]
[Round "4"]
[White "Astengo, Marcello"]
[Black "Brigati, Alessandro"]
[Result "1-0"]
[WhiteElo "2032"]
[BlackElo "1915"]
[PlyCount "107"]
[EventDate "2004.12.04"]

1. d4 Nf6 2. c4 g6 3. Nc3 Bg7 4. e4 d6 5. f3 O-O 6. Be3 e5 7. Nge2 Nc6 8. d5
Ne7 9. c5 Ne8 10. cxd6 cxd6 11. Qd2 f5 12. Nb5 a6 13. Na3 f4 14. Bf2 g5 15. h3
Ng6 16. Nc4 h5 17. Nb6 Rb8 18. Nc3 g4 19. hxg4 hxg4 20. Be2 g3 21. Bg1 Nh4 22.
Bd1 Bf6 23. Rc1 Rf7 24. Kf1 Rg7 25. Qd3 Nc7 26. a4 Bd7 27. Nb1 Be8 28. Nd2 Na8
29. Ndc4 Nxb6 30. Bxb6 Qe7 31. Qa3 Rc8 32. Rc3 Bh5 33. Qxd6 Qxd6 34. Nxd6 Rxc3
35. bxc3 Bxf3 36. Bxf3 Nxf3 37. Ne8 Nd2+ 38. Ke2 Nxe4 39. Nxg7 Kxg7 40. Rc1 Kf7
41. c4 Ke8 42. Kf3 Nd6 43. c5 Nc8 44. Rb1 Be7 45. d6 Bxd6 46. cxd6 Nxd6 47. Ba7
b5 48. axb5 axb5 49. Bb8 Nc4 50. Rxb5 Nd2+ 51. Ke2 Nc4 52. Rc5 Ne3 53. Rxe5+
Kf7 54. Rxe3 1-0

[Event "XXV Memorial Edoardo Crespi A"]
[Site "Milano ITA"]
[Date "2004.12.06"]
[Round "4"]
[White "Bevilacqua, Maurizio"]
[Black "Brunello, Sabino"]
[Result "1/2-1/2"]
[WhiteElo "2165"]
[BlackElo "2258"]
[PlyCount "103"]
[EventDate "2004.12.04"]

1. d4 Nf6 2. c4 e6 3. Nc3 Bb4 4. e3 O-O 5. Bd3 d5 6. Nge2 dxc4 7. Bxc4 e5 8.
O-O Nbd7 9. a3 Be7 10. Ba2 exd4 11. exd4 c6 12. Bf4 Nb6 13. Qc2 Nbd5 14. Be5
Be6 15. Bb1 g6 16. Qc1 Re8 17. h3 Nxc3 18. bxc3 Bc4 19. Re1 c5 20. Ng3 Nd5 21.
Ne4 cxd4 22. Bxd4 Rc8 23. Bc2 Bf8 24. Qb2 Qc7 25. Nd2 Ba6 26. Ne4 f5 27. Bb3
Bc4 28. Nc5 Rxe1+ 29. Rxe1 Bxb3 30. Qxb3 Bxc5 31. Qxd5+ Qf7 32. Qe5 Bxd4 33.
cxd4 Rd8 34. Rc1 Re8 35. Qd6 Qe7 36. Qd5+ Kg7 37. g3 Qf7 38. Qd6 Re7 39. Rc5 b6
40. Rc6 Rd7 41. Qe5+ Kh6 42. Re6 Rxd4 43. Rxg6+ hxg6 44. Qxd4 Kh7 45. h4 Qe7
46. a4 Qe1+ 47. Kh2 Qe7 48. Qf4 Qe2 49. Qc7+ Kh6 50. Qf4+ Kh7 51. Qc7+ Kh6 52.
Qf4+ 1/2-1/2

[Event "XXV Memorial Edoardo Crespi A"]
[Site "Milano ITA"]
[Date "2004.12.06"]
[Round "4"]
[White "Bisignano, Giuseppe"]
[Black "Quagliarella, Sabino Remo"]
[Result "1-0"]
[WhiteElo "1965"]
[BlackElo "2028"]
[PlyCount "67"]
[EventDate "2004.12.04"]

1. e4 d6 2. d4 Nf6 3. Nc3 c6 4. Bd3 e5 5. Nge2 Be7 6. O-O O-O 7. f4 exd4 8.
Nxd4 Qb6 9. Be2 h5 10. Be3 Ng4 11. Bxg4 Bxg4 12. Qd2 c5 13. Nd5 Qd8 14. Nb5 Nc6
15. Nxe7+ Qxe7 16. Nxd6 Nd4 17. e5 Ne2+ 18. Kh1 h4 19. Ne4 Rad8 20. Qe1 Nd4 21.
Nf6+ gxf6 22. Qxh4 Bf5 23. exf6 Qxe3 24. Qh6 Ne6 25. Rf3 Qe2 26. Rg3+ Bg4 27.
h3 Rd1+ 28. Rxd1 Qxd1+ 29. Kh2 Rd8 30. Rxg4+ Qxg4 31. hxg4 Rd4 32. f5 Rxg4 33.
fxe6 fxe6 34. Qh5 1-0

[Event "XXV Memorial Edoardo Crespi A"]
[Site "Milano ITA"]
[Date "2004.12.06"]
[Round "4"]
[White "Brunelli, Giovanni"]
[Black "Gandolfi, Gianfranco"]
[Result "1/2-1/2"]
[WhiteElo "1978"]
[BlackElo "1967"]
[PlyCount "48"]
[EventDate "2004.12.04"]

1. e4 c5 2. Nf3 d6 3. d4 cxd4 4. Nxd4 Nf6 5. Nc3 a6 6. Be2 e6 7. Be3 Be7 8. O-O
Qc7 9. f4 Bd7 10. Bf3 Nc6 11. a4 Rc8 12. Nxc6 Bxc6 13. a5 O-O 14. Qe2 Nd7 15.
Qf2 Bf6 16. Bd4 Bxd4 17. Qxd4 Nf6 18. Kh1 Rfd8 19. Qe3 d5 20. exd5 Nxd5 21.
Nxd5 Bxd5 22. Rf2 Bxf3 23. Qxf3 Rd5 24. g3 Rcd8 1/2-1/2

[Event "XXV Memorial Edoardo Crespi A"]
[Site "Milano ITA"]
[Date "2004.12.06"]
[Round "4"]
[White "Canova, Luca"]
[Black "Brugo, Marco"]
[Result "1-0"]
[WhiteElo "2047"]
[BlackElo "1907"]
[PlyCount "41"]
[EventDate "2004.12.04"]

1. e4 e6 2. d4 d5 3. Nc3 Nf6 4. Bg5 Bb4 5. e5 h6 6. Bd2 Bxc3 7. bxc3 Ne4 8. Qg4
g6 9. h4 Nxd2 10. Kxd2 c5 11. Bd3 Nc6 12. Nf3 Qa5 13. Qf4 cxd4 14. Nxd4 Nxd4
15. Qxd4 Bd7 16. h5 g5 17. Rh3 Bb5 18. Qc5 a6 19. a4 b6 20. axb5 Qxa1 21. Qc6+
1-0

[Event "XXV Memorial Edoardo Crespi A"]
[Site "Milano ITA"]
[Date "2004.12.06"]
[Round "4"]
[White "Castellano, Fabio Marco"]
[Black "Carbone, Lorenzo"]
[Result "0-1"]
[WhiteElo "1911"]
[BlackElo "1908"]
[PlyCount "94"]
[EventDate "2004.12.04"]

1. e4 c5 2. Nf3 d6 3. d4 cxd4 4. Nxd4 Nf6 5. Nc3 a6 6. Be3 e6 7. Be2 Be7 8. O-O
O-O 9. f4 Nbd7 10. a4 Qc7 11. g4 b6 12. g5 Ne8 13. Bd3 Nc5 14. Qh5 Nxd3 15.
cxd3 g6 16. Qe2 Ng7 17. f5 exf5 18. Nd5 Qb7 19. Rac1 fxe4 20. dxe4 Bd8 21. Nc6
Bh3 22. Rfd1 Rc8 23. Nxd8 Rfxd8 24. Bxb6 Rf8 25. a5 Be6 26. Qd3 Bxd5 27. Qxd5
Qd7 28. Qd2 Rfe8 29. Rxc8 Rxc8 30. Qxd6 Qg4+ 31. Kf1 Ne6 32. Qd7 Qf3+ 33. Kg1
Rf8 34. Rf1 Qxe4 35. Rf2 Nxg5 36. Bd4 Nf3+ 37. Rxf3 Qxf3 38. Bc3 h5 39. Qd4
Qg4+ 40. Qxg4 hxg4 41. Kf2 f5 42. Kg3 Kf7 43. h3 gxh3 44. Kxh3 Rg8 45. Bd4 Ke6
46. Kg3 g5 47. Bc3 Rd8 0-1